El docente de lenguaje

Bibliographic Details
Main Author: Amaya Vásquez, Jaime
Format: Section = Libro
Language:Undetermined
Spanish
Published: Colombia Limusa/Noriega 2006
Edition:3a.ed
Subjects:
LEADER 00536nam a2200217Ia 4500
008 240830s9999 xx 000 0 und d
020 |a 958-96669-5-7 
040 |a B-ESTELÍ- RUACS / 400 A489 
041 |a spa 
082 |a 400 A489 
100 1 |a Amaya Vásquez, Jaime 
245 1 0 |a El docente de lenguaje 
250 |a 3a.ed 
260 |a Colombia  |b Limusa/Noriega  |c 2006 
300 |a 146 p:il 
650 7 |a LENGÜISTICA 
650 7 |b  ESTUDIO - COMUNICACION 
650 7 |c  MÉTODOS 
942 |c BK  |2 ddc 
991 |a TEXTO 
999 |c 10857